[Event "ESP-ch Seniors"]
[Site "Mallorca"]
[Date "2004.10.19"]
[Round "8"]
[White "Planas, Rosendo"]
[Black "Dotan, Valeria"]
[Result "0-1"]
[WhiteElo "2241"]
[BlackElo "2029"]
[PlyCount "113"]
[EventDate "2004.10.12"]
[EventType "swiss"]
[EventRounds "9"]
[EventCountry "ESP"]
[SourceTitle "EXT 2005"]
[Source "ChessBase"]
[SourceDate "2004.11.15"]
[SourceVersion "1"]
[SourceVersionDate "2004.11.15"]
[SourceQuality "1"]

1. d4 Nf6 2. c4 e6 3. Nc3 Bb4 4. f3 c5 5. a3 Bxc3+ 6. bxc3 d6 7. e4 e5 8. Be3 h6 9. d5 0-0 10. Bd3 Nh5 11. Ne2 f5 12. exf5 Bxf5 13. Bxf5 Rxf5 14. 0-0 Rf7 15. f4 Nd7 16. Qd2 Qe7 17. Rae1 Raf8 18. g3 Qf6 19. Rf2 Qg6 20. Ref1 Qe4 21. Nc1 Qxc4 22. Qd3 Qxd3 23. Nxd3 exf4 24. gxf4 Re7 25. Bd2 Re4 26. Nb2 c4 27. Nd1 Nc5 28. f5 Nd3 29. Rf3 Rfe8 30. Ne3 Ne5 31. R3f2 Ng4 32. Nxg4 Rxg4+ 33. Kh1 Re5 34. Re1 Rxe1+ 35. Bxe1 Re4 36. Rf1 Re5 37. Bh4 Rxd5 38. Re1 Re5 39. Rd1 d5 40. Bf2 Rxf5 41. Bd4 Kf7 42. a4 Nf6 43. a5 Nd7 44. Rb1 g5 45. Kg2 b6 46. a6 Ke6 47. Re1+ Ne5 48. Ra1 Nc6 49. Re1+ Kd7 50. Bf2 d4 51. cxd4 Rd5 52. Be3 Nb4 53. Rf1 Nxa6 54. Rf7+ Kc6 55. Rxa7 Nc7 56. Ra1 Ne6 57. Rf1 0-1

[Event "ESP-ch Seniors"]
[Site "Mallorca"]
[Date "2004.10.13"]
[Round "2"]
[White "Planas, Rosendo"]
[Black "Sanz Bastos, Fernando"]
[Result "1/2-1/2"]
[WhiteElo "2241"]
[BlackElo "2062"]
[PlyCount "74"]
[EventDate "2004.10.12"]
[EventType "swiss"]
[EventRounds "9"]
[EventCountry "ESP"]
[SourceTitle "EXT 2005"]
[Source "ChessBase"]
[SourceDate "2004.11.15"]
[SourceVersion "1"]
[SourceVersionDate "2004.11.15"]
[SourceQuality "1"]

1. d4 f5 2. g3 Nf6 3. Bg2 e6 4. Nf3 Be7 5. c4 d6 6. 0-0 0-0 7. Nc3 Qe8 8. Qc2 Qh5 9. b4 Nbd7 10. c5 e5 11. dxe5 dxe5 12. Nb5 c6 13. Nc7 Rb8 14. Bb2 e4 15. Nd4 Ne8 16. Nce6 Rf7 17. Qb3 Ndf6 18. Bc1 Nd5 19. Nf4 Nxf4 20. Bxf4 Ra8 21. Rad1 Nf6 22. f3 Qg6 23. Be5 Nd5 24. fxe4 fxe4 25. Rxf7 Kxf7 26. Bf4 Be6 27. Nxe6 Qxe6 28. Bc1 Bf6 29. Qc4 Re8 30. b5 Nc3 31. Rd7+ Re7 32. Qxe6+ Kxe6 33. Bh3+ Kf7 34. bxc6 bxc6 35. Rd2 Bg5 36. Rc2 Nxe2+ 37. Rxe2 Bxc1 1/2-1/2

[Event "Barcelona op"]
[Site "Barcelona"]
[Date "2003.12.29"]
[Round "8"]
[White "Planas, Rosendo"]
[Black "Monedero Gonzalez, Josep"]
[Result "1-0"]
[WhiteElo "2265"]
[BlackElo "2170"]
[PlyCount "105"]
[EventDate "2003.12.20"]
[EventType "swiss"]
[EventRounds "9"]
[EventCountry "ESP"]
[SourceTitle "EXT 2005"]
[Source "ChessBase"]
[SourceDate "2004.11.15"]
[SourceVersion "1"]
[SourceVersionDate "2004.11.15"]
[SourceQuality "1"]

1. d4 Nf6 2. c4 c5 3. Nf3 cxd4 4. Nxd4 g6 5. Nc3 Bg7 6. e4 d6 7. Be2 Nc6 8. Be3 Nxd4 9. Bxd4 0-0 10. 0-0 Be6 11. Qd2 Qc8 12. b3 Qc6 13. f3 Nd7 14. Bxg7 Kxg7 15. f4 f6 16. Bf3 Rac8 17. Kh1 Qc7 18. Rfe1 Rfe8 19. Nb5 Qb8 20. Nd4 Bf7 21. Bg4 Rcd8 22. Bxd7 Rxd7 23. e5 e6 24. Nb5 d5 25. Nd6 Rxd6 26. exd6 Qxd6 27. cxd5 Rd8 28. Rad1 exd5 29. Qd4 b6 30. Rc1 Rd7 31. b4 a6 32. a4 Rc7 33. Rxc7 Qxc7 34. g4 Qc4 35. Qxc4 dxc4 36. Re7 Kf8 37. Ra7 b5 38. axb5 axb5 39. Rc7 h5 40. g5 fxg5 41. fxg5 Be6 42. Kg1 Ke8 43. Kf2 Kd8 44. Rc5 Bd7 45. Ke3 Ke7 46. Kd4 Kd6 47. Re5 Kc6 48. Re7 Kd6 49. Rf7 Bf5 50. Rf6+ Ke7 51. Rb6 Bd7 52. Rxg6 Be8 53. Rf6 1-0

[Event "Barcelona op"]
[Site "Barcelona"]
[Date "2003.12.22"]
[Round "3"]
[White "Buxade Roca, Guillermo"]
[Black "Planas, Rosendo"]
[Result "1/2-1/2"]
[WhiteElo "2202"]
[BlackElo "2265"]
[PlyCount "33"]
[EventDate "2003.12.20"]
[EventType "swiss"]
[EventRounds "9"]
[EventCountry "ESP"]
[SourceTitle "EXT 2005"]
[Source "ChessBase"]
[SourceDate "2004.11.15"]
[SourceVersion "1"]
[SourceVersionDate "2004.11.15"]
[SourceQuality "1"]

1. d4 d5 2. Bf4 c6 3. c3 Bf5 4. Nf3 e6 5. Nbd2 Bd6 6. Bg3 Bxg3 7. hxg3 h6 8. e3 Nf6 9. Be2 Nbd7 10. c4 Qe7 11. Qb3 Rb8 12. Bd3 Bxd3 13. Qxd3 0-0 14. cxd5 exd5 15. Rh4 Rfe8 16. Qb3 Qe6 17. Kf1 1/2-1/2

[Event "Barcelona op"]
[Site "Barcelona"]
[Date "2003.12.21"]
[Round "1"]
[White "Planas, Rosendo"]
[Black "Gomila Pons, Alvaro"]
[Result "1-0"]
[WhiteElo "2265"]
[BlackElo "2160"]
[PlyCount "113"]
[EventDate "2003.12.20"]
[EventType "swiss"]
[EventRounds "9"]
[EventCountry "ESP"]
[SourceTitle "EXT 2005"]
[Source "ChessBase"]
[SourceDate "2004.11.15"]
[SourceVersion "1"]
[SourceVersionDate "2004.11.15"]
[SourceQuality "1"]

1. d4 d5 2. Nf3 Nf6 3. c4 c6 4. cxd5 cxd5 5. Nc3 Nc6 6. Bf4 e6 7. e3 a6 8. Rc1 Be7 9. h3 0-0 10. Bd3 Bd7 11. 0-0 Rc8 12. Ne5 b5 13. Nxc6 Bxc6 14. a3 Qd7 15. b4 Bb7 16. Qb3 Ne4 17. Nb1 Rxc1 18. Rxc1 Rc8 19. Rc2 h6 20. f3 Nd6 21. Bxd6 Bxd6 22. Nd2 Rc7 23. Qb2 Qc8 24. Rxc7 Qxc7 25. Nb3 Bc8 26. Nc5 e5 27. Bb1 Qe7 28. Qd2 Qg5 29. dxe5 Qxe5 30. f4 Qe7 31. Nb3 Bb7 32. Nd4 g6 33. Ba2 Qe4 34. Ne2 Qe7 35. Nc3 Qf6 36. Bxd5 Bxd5 37. Nxd5 Qa1+ 38. Kh2 g5 39. Qd3 Kg7 40. g3 f6 41. Qc3 Qa2+ 42. Kg1 Qb1+ 43. Kf2 Qf5 44. Qd4 gxf4 45. gxf4 Kf7 46. Nc3 Be7 47. Qd5+ Qxd5 48. Nxd5 Bd8 49. e4 Ke6 50. Ke3 f5 51. Kd4 h5 52. e5 Bh4 53. Nc7+ Kd7 54. Nxa6 Bf2+ 55. Kd5 Ke7 56. e6 Kf6 57. Kd6 1-0

[Event "ESP-ch Seniors"]
[Site "Calvia"]
[Date "2003.12.03"]
[Round "3.2"]
[White "Planas, Rosendo"]
[Black "Sarto Ramos, Angel"]
[Result "1-0"]
[WhiteElo "2265"]
[BlackElo "2067"]
[PlyCount "85"]
[EventDate "2003.12.01"]
[EventType "swiss"]
[EventRounds "8"]
[EventCountry "ESP"]
[SourceTitle "EXT 2005"]
[Source "ChessBase"]
[SourceDate "2004.11.15"]
[SourceVersion "1"]
[SourceVersionDate "2004.11.15"]
[SourceQuality "1"]

1. d4 d6 2. Nf3 Nd7 3. c4 g6 4. Nc3 Bg7 5. e4 c6 6. Be2 Ngf6 7. 0-0 0-0 8. Re1 Qc7 9. h3 e5 10. Be3 Re8 11. Qc2 Nf8 12. Rad1 Ne6 13. Bf1 Nh5 14. g3 a6 15. d5 Nf8 16. dxc6 bxc6 17. Qd2 Rd8 18. c5 d5 19. exd5 cxd5 20. Bg5 Be6 21. Bxd8 Rxd8 22. b4 e4 23. Nxe4 d4 24. Nd6 Qd7 25. Kh2 d3 26. Qxd3 Bxa2 27. Qxa6 Bb3 28. Rd3 Bc2 29. Rd2 Qa4 30. Qxa4 Bxa4 31. Ra2 Bc6 32. Ng5 Bc3 33. Rb1 Bd5 34. Rc2 Be5 35. Rd2 Nf6 36. Bg2 Bxg2 37. Kxg2 Ne6 38. Ngxf7 Ne4 39. Nxe4 Rxd2 40. Nh6+ Kg7 41. Nxd2 Kxh6 42. Re1 Bc3 43. Rxe6 1-0

[Event "EU-ch Seniors 02nd"]
[Site "Saint Vincent"]
[Date "2002.10.06"]
[Round "9"]
[White "Planas, Rosendo"]
[Black "Kahn, Manfred"]
[Result "1-0"]
[WhiteElo "2208"]
[BlackElo "2181"]
[PlyCount "59"]
[EventDate "2002.09.28"]
[EventType "swiss"]
[EventRounds "9"]
[EventCountry "ITA"]
[SourceTitle "CBM 090 Extra"]
[Source "ChessBase"]
[SourceDate "2002.11.07"]
[SourceVersion "1"]
[SourceVersionDate "2002.11.07"]
[SourceQuality "1"]

1. d4 d5 2. c4 e6 3. Nc3 Bb4 4. e3 Nf6 5. a3 Bxc3+ 6. bxc3 0-0 7. cxd5 exd5 8. Bd3 Nc6 9. Ne2 Bg4 10. f3 Bh5 11. Ng3 Bg6 12. 0-0 Re8 13. Ra2 Na5 14. Re2 c5 15. Bb2 Rc8 16. e4 cxd4 17. cxd4 dxe4 18. fxe4 Nc4 19. Ba1 b5 20. Qb3 Qa5 21. e5 Nd5 22. Bxg6 hxg6 23. Qf3 Rcd8 24. Qxf7+ Kh7 25. Re4 g5 26. Nf5 Qc7 27. Qh5+ Kg8 28. Qxg5 Re6 29. Rh4 Rc8 30. Qh5 1-0

[Event "Hostafrancs op 4th"]
[Site "Barcelona"]
[Date "2002.??.??"]
[Round "?"]
[White "Hidalgo Mena, Andres"]
[Black "Planas, Rosendo"]
[Result "1/2-1/2"]
[WhiteElo "2304"]
[BlackElo "2208"]
[PlyCount "41"]
[EventDate "2002.08.30"]
[EventType "swiss"]
[EventRounds "10"]
[EventCountry "ESP"]
[SourceTitle "CBM 090 Extra"]
[Source "ChessBase"]
[SourceDate "2002.11.07"]
[SourceVersion "1"]
[SourceVersionDate "2002.11.07"]
[SourceQuality "1"]

1. e4 c6 2. d4 d5 3. e5 c5 4. dxc5 e6 5. Be3 Qc7 6. b4 Qxe5 7. c3 Ne7 8. Nf3 Qc7 9. Na3 a6 10. Nd4 Bd7 11. Be2 Ng6 12. 0-0 Nc6 13. Rb1 Be7 14. c4 dxc4 15. Nxc4 0-0 16. Qc2 Rad8 17. Nxc6 Bxc6 18. g4 Bd5 19. Nb6 Bf6 20. Rbd1 Ne7 21. Bd3 1/2-1/2